| 000 | 00000nas 2200000zi 4500 |
| 001 | 9.877275 |
| 003 | CaOODSP |
| 005 | 20230907083930 |
| 006 | m go d f |
| 007 | cr ||||||||||| |
| 008 | 190731d20152017oncar p o f0 b0fre|d |
| 022 | |a1929-3666 |
| 040 | |aCaOODSP|bfre|erda|cCaOODSP |
| 043 | |an-cn--- |
| 086 | 1 |aPS61-38F-PDF|zPS61-17F-PDF |
| 110 | 2 |aGendarmerie royale du Canada.|eauteur. |
| 245 | 10|aGestion du processus déontologie de la GRC : |brapport annuel … |
| 246 | 13|aRapport annuel …, gestion du processus déontologie de la GRC |
| 260 | |a[Ottawa] : |bGendarmerie royale du Canada = Royal Canadian Mounted Police, |c[2016]- |
| 310 | |aAnnuel |
| 336 | |atexte|btxt|2rdacontent/fre |
| 337 | |ainformatique|bc|2rdamedia/fre |
| 338 | |aressource en ligne|bcr|2rdacarrier/fre |
| 362 | 1 |aParaît depuis 2015. |
| 500 | |aPublié aussi en anglais sous le titre : Management of the RCMP conduct process, … annual report. |
| 520 | 3 |a«Ce rapport présente la gestion du processus de déontologie. Il fournit des statistiques, identifie des tendances, des améliorations et des défis auxquels doit faire face la GRC »--2017. |
| 550 | |aPublié par Services de recours. |
| 588 | |aDescription d'après : 2015. |
| 588 | |aDernière livraison consultée: 2017. |
| 610 | 26|aGendarmerie royale du Canada |xDiscipline |vPériodiques. |
| 650 | 6|aAbus de la police|zCanada|vPériodiques. |
| 650 | 6|aPolice|zCanada|xDiscipline|vPériodiques. |
| 651 | 6|aCanada. |
| 655 | 7|aPériodiques|2rvmgf |
| 775 | 08|tManagement of the RCMP conduct process : |w(CaOODSP)9.877273 |
| 780 | 00|tRapport annuel, gestion du processus disciplinaire de la GRC. |w(CaOODSP)9.502459 |
| 785 | 00|tRapport sur la gestion du processus déontologie de la GRC ...|w(CaOODSP)9.908001 |